000
00283pam a2200121 a 4500
020
_c
041
_h
082
_a
708
_b
PAL
245
_a
Solo II Prajakta Palav Aher
_h
Textual Documents
260
_a
[s.l]:
_b
Vadhera Art Gallery,
_c
2009.
300
_a
100:
_b
paper.
930
_a
7085
999
_c
240875
_d
240875